<?xml version="1.0" encoding="UTF-8"?>
<record
    xmlns:xsi="http://www.w3.org/2001/XMLSchema-instance"
    xsi:schemaLocation="http://www.loc.gov/MARC21/slim http://www.loc.gov/standards/marcxml/schema/MARC21slim.xsd"
    xmlns="http://www.loc.gov/MARC21/slim">

  <leader>00507nam a22001937a 4500</leader>
  <controlfield tag="003">OSt</controlfield>
  <controlfield tag="005">20240328105404.0</controlfield>
  <controlfield tag="008">180306b        xxu||||| |||| 00| 0 eng d</controlfield>
  <datafield tag="020" ind1=" " ind2=" ">
    <subfield code="a">NA</subfield>
  </datafield>
  <datafield tag="040" ind1=" " ind2=" ">
    <subfield code="c">SEROSOFT</subfield>
  </datafield>
  <datafield tag="082" ind1=" " ind2=" ">
    <subfield code="2">6TH</subfield>
    <subfield code="a">624.035</subfield>
  </datafield>
  <datafield tag="100" ind1=" " ind2=" ">
    <subfield code="a">RAMAKANT</subfield>
  </datafield>
  <datafield tag="245" ind1=" " ind2=" ">
    <subfield code="a">ENVIRONMENT POLLUTION CONTROL</subfield>
    <subfield code="c">AUTHOR</subfield>
    <subfield code="h">HINDI</subfield>
  </datafield>
  <datafield tag="250" ind1=" " ind2=" ">
    <subfield code="a">6TH</subfield>
  </datafield>
  <datafield tag="260" ind1=" " ind2=" ">
    <subfield code="a">MEERUT</subfield>
    <subfield code="b">JPNP</subfield>
    <subfield code="c">2018</subfield>
  </datafield>
  <datafield tag="300" ind1=" " ind2=" ">
    <subfield code="a">6TH ED. 136 PP</subfield>
    <subfield code="e">PAPERBACK</subfield>
  </datafield>
  <datafield tag="856" ind1=" " ind2=" ">
    <subfield code="3">PAPERBACK</subfield>
  </datafield>
  <datafield tag="942" ind1=" " ind2=" ">
    <subfield code="2">ddc</subfield>
    <subfield code="c">02</subfield>
    <subfield code="e">6TH ED.</subfield>
    <subfield code="h">TITLE</subfield>
    <subfield code="i">BOOK</subfield>
    <subfield code="k">624.035</subfield>
    <subfield code="m">RAM</subfield>
  </datafield>
  <datafield tag="999" ind1=" " ind2=" ">
    <subfield code="c">43856</subfield>
    <subfield code="d">43856</subfield>
  </datafield>
  <datafield tag="952" ind1=" " ind2=" ">
    <subfield code="0">0</subfield>
    <subfield code="1">0</subfield>
    <subfield code="2">ddc</subfield>
    <subfield code="3">PAPERBACK</subfield>
    <subfield code="4">0</subfield>
    <subfield code="7">0</subfield>
    <subfield code="a">01</subfield>
    <subfield code="b">01</subfield>
    <subfield code="d">2018-03-06</subfield>
    <subfield code="e">BHARAT BOOKS DISTRIBUTORS</subfield>
    <subfield code="g">120.00</subfield>
    <subfield code="i">455 DATED 05/03/2018</subfield>
    <subfield code="l">2</subfield>
    <subfield code="o">624.035 RAM</subfield>
    <subfield code="p">01-B-126302</subfield>
    <subfield code="r">2019-06-26</subfield>
    <subfield code="s">2019-02-23</subfield>
    <subfield code="u">ENVIRONMENTAL STUDIES</subfield>
    <subfield code="v">120.00</subfield>
    <subfield code="w">2018-03-05</subfield>
    <subfield code="y">02</subfield>
    <subfield code="z"> </subfield>
  </datafield>
  <datafield tag="952" ind1=" " ind2=" ">
    <subfield code="0">0</subfield>
    <subfield code="1">0</subfield>
    <subfield code="2">ddc</subfield>
    <subfield code="3">PAPERBACK</subfield>
    <subfield code="4">0</subfield>
    <subfield code="7">0</subfield>
    <subfield code="a">01</subfield>
    <subfield code="b">01</subfield>
    <subfield code="d">2018-03-06</subfield>
    <subfield code="e">BHARAT BOOKS DISTRIBUTORS</subfield>
    <subfield code="g">120.00</subfield>
    <subfield code="i">455 DATED 05/03/2018</subfield>
    <subfield code="l">2</subfield>
    <subfield code="o">624.035 RAM</subfield>
    <subfield code="p">01-B-126303</subfield>
    <subfield code="r">2019-06-26</subfield>
    <subfield code="s">2019-02-25</subfield>
    <subfield code="u">ENVIRONMENTAL STUDIES</subfield>
    <subfield code="v">120.00</subfield>
    <subfield code="w">2018-03-05</subfield>
    <subfield code="y">02</subfield>
    <subfield code="z"> </subfield>
  </datafield>
  <datafield tag="952" ind1=" " ind2=" ">
    <subfield code="0">0</subfield>
    <subfield code="1">0</subfield>
    <subfield code="2">ddc</subfield>
    <subfield code="3">PAPERBACK</subfield>
    <subfield code="4">0</subfield>
    <subfield code="7">0</subfield>
    <subfield code="a">01</subfield>
    <subfield code="b">01</subfield>
    <subfield code="d">2018-03-06</subfield>
    <subfield code="e">BHARAT BOOKS DISTRIBUTORS</subfield>
    <subfield code="g">120.00</subfield>
    <subfield code="i">455 DATED 05/03/2018</subfield>
    <subfield code="l">1</subfield>
    <subfield code="o">624.035 RAM</subfield>
    <subfield code="p">01-B-126304</subfield>
    <subfield code="r">2018-06-04</subfield>
    <subfield code="s">2018-03-15</subfield>
    <subfield code="u">ENVIRONMENTAL STUDIES</subfield>
    <subfield code="v">120.00</subfield>
    <subfield code="w">2018-03-05</subfield>
    <subfield code="y">02</subfield>
    <subfield code="z"> </subfield>
  </datafield>
  <datafield tag="952" ind1=" " ind2=" ">
    <subfield code="0">0</subfield>
    <subfield code="1">0</subfield>
    <subfield code="2">ddc</subfield>
    <subfield code="3">PAPERBACK</subfield>
    <subfield code="4">0</subfield>
    <subfield code="7">0</subfield>
    <subfield code="a">01</subfield>
    <subfield code="b">01</subfield>
    <subfield code="d">2018-03-06</subfield>
    <subfield code="e">BHARAT BOOKS DISTRIBUTORS</subfield>
    <subfield code="g">120.00</subfield>
    <subfield code="i">455 DATED 05/03/2018</subfield>
    <subfield code="l">2</subfield>
    <subfield code="o">624.035 RAM</subfield>
    <subfield code="p">01-B-126305</subfield>
    <subfield code="r">2020-10-23</subfield>
    <subfield code="s">2020-02-25</subfield>
    <subfield code="u">ENVIRONMENTAL STUDIES</subfield>
    <subfield code="v">120.00</subfield>
    <subfield code="w">2018-03-05</subfield>
    <subfield code="y">02</subfield>
    <subfield code="z"> </subfield>
  </datafield>
  <datafield tag="952" ind1=" " ind2=" ">
    <subfield code="0">0</subfield>
    <subfield code="1">0</subfield>
    <subfield code="2">ddc</subfield>
    <subfield code="3">PAPERBACK</subfield>
    <subfield code="4">0</subfield>
    <subfield code="7">0</subfield>
    <subfield code="a">01</subfield>
    <subfield code="b">01</subfield>
    <subfield code="d">2018-03-06</subfield>
    <subfield code="e">BHARAT BOOKS DISTRIBUTORS</subfield>
    <subfield code="g">120.00</subfield>
    <subfield code="i">455 DATED 05/03/2018</subfield>
    <subfield code="l">1</subfield>
    <subfield code="o">624.035 RAM</subfield>
    <subfield code="p">01-B-126306</subfield>
    <subfield code="r">2018-05-28</subfield>
    <subfield code="s">2018-04-24</subfield>
    <subfield code="u">ENVIRONMENTAL STUDIES</subfield>
    <subfield code="v">120.00</subfield>
    <subfield code="w">2018-03-05</subfield>
    <subfield code="y">02</subfield>
    <subfield code="z"> </subfield>
  </datafield>
  <datafield tag="952" ind1=" " ind2=" ">
    <subfield code="0">0</subfield>
    <subfield code="1">0</subfield>
    <subfield code="2">ddc</subfield>
    <subfield code="3">PAPERBACK</subfield>
    <subfield code="4">0</subfield>
    <subfield code="7">0</subfield>
    <subfield code="a">01</subfield>
    <subfield code="b">01</subfield>
    <subfield code="d">2018-03-06</subfield>
    <subfield code="e">BHARAT BOOKS DISTRIBUTORS</subfield>
    <subfield code="g">120.00</subfield>
    <subfield code="i">455 DATED 05/03/2018</subfield>
    <subfield code="l">2</subfield>
    <subfield code="o">624.035 RAM</subfield>
    <subfield code="p">01-B-126307</subfield>
    <subfield code="r">2019-06-26</subfield>
    <subfield code="s">2019-03-18</subfield>
    <subfield code="u">ENVIRONMENTAL STUDIES</subfield>
    <subfield code="v">120.00</subfield>
    <subfield code="w">2018-03-05</subfield>
    <subfield code="y">02</subfield>
    <subfield code="z"> </subfield>
  </datafield>
</record>
